000 00655cab a2200193 4500
001 WB2847-57
008 090401t1992 xxu||||| |||| 00| 0 eng d
035 _a(Sirsi) u73034
041 _aeng
245 _aUK green rate changes
260 _c1992
350 _a0
490 _aMAFF News Release
_v(377/92) 26 November 1992 (2)
520 _aMost CAP support prices in the Uk will increase by 1.93% on 26 November. Changes to the British agricultural conversion rate have been agreed in Brussels, reducing the value of the UK green rate by 1.89%.
650 _aCAP SUPPORT PRICES
690 _aRURAL PRACTICE
942 _n0
948 _c04/03/1997
999 _c46179
_d46179